000 00670nam a2200229Ia 4500
003 OSt
005 20220928112924.0
006 a|||||r|||| 00| 0
007 ta
008 220927b |||||||| |||| 00| 0 eng d
024 _a61772
037 _cTextual
040 _aSDCL
_cSDCL
_beng
041 _2eng
_aeng
082 _aQ2:31, P6.1-.2
100 _aNarayan Kapil Dev
_9430726
245 0 _aLakshmi tantram
_b Sadhanatmak Hindi vyakhya sahit.2V.
260 _aVaranasi
_bChowkhamba Surbharti Prakashan
_c2006
300 _aV1/380p, V2/ 381-728p
_ccm.
942 _hQ2:31, P6.1-.2
_cTEXL
_2CC
999 _c747127
_d747127